| 000 | 00658nam a2200217 a 4500 | ||
|---|---|---|---|
| 005 | 20240228063608.0 | ||
| 008 | 991125s1975 fr 000 0 fre u | ||
| 035 | _aUPN01000041712 | ||
| 049 | _aI | ||
| 050 | 4 |
_aPZ26.3 _bT4.6 |
|
| 100 | 1 | _aTenaille, Marie | |
| 245 | 1 | 0 |
_aNours et pluche les petits koalas / _cMarie Tenaille, Gerda Muller. |
| 260 |
_aParĂs : _bGautier-Languereau, _c1975. |
||
| 300 |
_a38, [8] p. : _bil. col. |
||
| 440 | 0 | _aJe les lis tout Seul | |
| 650 | 0 |
_aAnimales _vCuentos y leyendas _9234 |
|
| 650 | 4 |
_aLiteratura infantil francesa _913687 |
|
| 700 | 1 |
_aMuller, Gerda, _ecoaut. _935827 |
|
| 905 | _aInfantil | ||
| 999 |
_c41712 _d41712 |
||